000 00531nam a22001817a 4500
005 20250702122051.0
010 _aENG-145536
020 _c400.00
_a9788177113730
035 _aEN-129068
037 _bDBAD
082 _21
_a881
100 _aVerma, Satish
_982475
245 0 0 _aA Pinch of Moon & Micro Poems/
_cby Satish Verma
260 _aJaipur
_bSahityagar Classics
_c2013
270 _a958, Dhamani Market, Chaura Rasta
_bJaipur
_e302003
300 _aviii, 100p.
_c22cm(Hb)
942 _2ddc
_cEN
_mVER
_h881
999 _c212013
_d212013